| 000 | 00626nam a2200229Ia 4500 | ||
|---|---|---|---|
| 005 | 20180804103716.0 | ||
| 008 | 131103s9999 xx 000 0 und d | ||
| 020 |
_a9.78E+12 _cRs.650.00 |
||
| 040 | _aLoreto College | ||
| 041 | _aEnglish | ||
| 082 |
_a330 _bSAM |
||
| 100 | _aSamuelson, Paul A. | ||
| 245 |
_aEconomics _cPaul A. Samuelson and William D. Nordhaus |
||
| 250 | _a19th ed | ||
| 260 |
_aNew York _bTata McGraw-Hill Education Private Limited _c2010 |
||
| 300 | _a24cm. | ||
| 504 | _aIncludes glossary and index | ||
| 650 | _aEconomics | ||
| 700 | _aNordhaus, William D. | ||
| 850 | _aLCLIB | ||
| 942 | _cBK | ||
| 999 |
_c37432 _d87911 |
||